Score 0/50 Timer 06:00
0 Plays Today
% Correct
Henry VIII
91.8%
Henry VII
91%
Anne Boleyn
89.2%
Anne of Cleves
88.7%
Catherine Parr
87.5%
Romeo and Juliet
87.3%
Jane Seymour
86.8%
Elizabeth I
86.7%
Pius V
86.3%
Katherine of Aragon
86.2%
The Taming of the Shrew
86.1%
Basque
85.2%
Hernán Cortés
85.2%
Paul III
84.9%
Michelangelo
84.3%
Leo X
84.1%
Leonardo da Vinci
83.8%
Martin Luther
83.2%
Latin
82.2%
John Calvin
81.8%
Sixtus V
80.7%
Breton
79.7%
Alsatian
79.2%
Gregory XIII
77.7%
Titus Andronicus
77.4%
% Correct
Edward VI
77.3%
Henry V
77.1%
Juan Ponce de León
76.7%
Hernando de Soto
76.7%
Raphael
76%
Richard III
74.9%
Francisco Pizarro
73.7%
Thomas Cranmer
71%
El Greco
69.4%
Giovanni Pierluigi da Palestrina
69.4%
John Knox
68.2%
Mary I
67.4%
Occitan
66.5%
Saxony
64%
Cologne
63.5%
Álvar Núñez Cabeza de Vaca
63.3%
Brandenburg
61.6%
Josquin Des Prez
59.5%
Orlando de Lassus
57.7%
Thomas Tallis
57.3%
William Byrd
56.2%
Titian
54.7%
Palatine
54.3%
Mainz
53.9%
Huldrych Zwingli
42.2%
Remove Ads.
Support Sporcle.
Get the best of Sporcle when you Go Orange. This ad-free experience offers more features, more stats, and more fun while also helping to support Sporcle. Thank you for becoming a member.

You're not logged in!

Compare scores with friends on all Sporcle quizzes.
OR
Log In

Show Comments

Extras

Top Quizzes Today


Score Distribution

Your Account Isn't Verified!

In order to create a playlist on Sporcle, you need to verify the email address you used during registration. Go to your Sporcle Settings to finish the process.

Report this User

Report this user for behavior that violates our Community Guidelines.

Details: